00900nam a2200253 a 450000100060000000300090000600800410001502000180005604000280007404100080010208200150011011001000012524500940022525000110031926000320033030000110036249000160037350000270038965000430041665000400045965000410049965000480054065100580058825789CO-ViMGA141112s2004 ck r 000 u spa d a9789587584707 aCO-ViMGAbspacCO-ViMGA aSPA04a303.62 C65 aComisión Nacional de Reparación y Reconciliación (Colombia). Grupo de Memoria Histórica10aEl Placer : bmujeres, coca y guerra en el Bajo Putumayo / cGrupo de Memoria Histórica a1a ed. aBogotá : bTaurus, c2012 a384 p. aPensamiento aIncluye Bibliografía14aCONFLICTO ARMADO - PUTUMAYO (COLOMBIA)14aNARCOTRAFICO - PUTUMAYO (COLOMBIA) 14aPARAMILITARES - PUTUMAYO (COLOMBIA) 14aVIOLENCIA Política - PUTUMAYO (COLOMBIA)  aEL PLACER (PUTUMAYO, COLOMBIA) - CONDICIONES SOCIALES